The Canterbury tales
I tiakina i:
| Kaituhi matua: | |
|---|---|
| Hōputu: | Pukapuka |
| Reo: | Ingarihi |
| I whakaputaina: |
Baltimore
Penguin Books
1952
|
| Rangatū: | The Penguin Classics
|
| Ngā marau: | |
| Ngā Tūtohu: |
Tāpirihia he Tūtohu
Kāore He Tūtohu, Me noho koe te mea tuatahi ki te tūtohu i tēnei pūkete!
|
MARC
| LEADER | 00000nam a2200000 a 4500 | ||
|---|---|---|---|
| 001 | UCZ1613 | ||
| 003 | CL-VaPUC | ||
| 008 | 950831e19520000US |||||||||||||||||eng|d | ||
| 082 | 0 | 4 | |a 821 |b CHA |2 21 |
| 100 | |a Chaucer, Geoffrey |d ca. 1343-1400 |e author |9 308260 | ||
| 245 | 1 | 4 | |a The Canterbury tales |
| 300 | |a 528 p | ||
| 942 | |c BK | ||
| 945 | |d 19950831 00:00:00 |a awong | ||
| 260 | |a Baltimore |b Penguin Books |c 1952 | ||
| 650 | 0 | |a Poesías inglesas |9 265094 | |
| 583 | |a last modification |c 19950831 00:00:00 |k Rodrigo Vera | ||
| 490 | 0 | |a The Penguin Classics | |
| 999 | |c 238341 |d 238339 | ||
| 952 | |0 0 |1 0 |4 0 |6 821_000000000000000_CHA_1952 |7 0 |8 A |9 248477 |a BIBEDU |b BIBEDU |d 2019-11-18 |i 3123057 |l 3 |o 821 CHA 1952 |p 3123057 |r 2024-09-24 |s 2024-09-17 |w 2019-11-18 |y BK |k LIT | ||